000 00906nmm a2200313 a 4500
003 AR-BaBNM
005 20251128203408.0
008 157019s1963 ||||||||||||||000 | spa||
040 _cAR-BaBNM
100 1 _aLinares Quintana, Segundo V.
245 1 0 _aTratado de la ciencia del derecho constitucional argentino y comparado
_bparte especial : poderes de gobierno. 9
260 _aBuenos Aires
_bAlfa
_c1963
300 _a494 p.
500 _aIndice p. 481-494
504 _aBibliografía a pie de página
650 4 _aDERECHO CONSTITUCIONAL
650 4 _aDERECHO COMPARADO
650 4 _aCONSTITUCIONES
650 4 _aPODERES DEL ESTADO
650 4 _aPODER LEGISLATIVO
650 4 _aPODER EJECUTIVO
650 4 _aRELACIONES EXTERIORES
650 4 _aPODER JUDICIAL
650 4 _aJUECES
650 4 _aCORTE SUPREMA
650 4 _aLEGISLACION ARGENTINA
942 _cBK
998 _cAndrea
999 _c3186
_d3186